• 首页
  • 本馆介绍
  • 公告通知
  • 最新文献
  • 馆藏检索
  • 电子资源
  • 读者导购
  • 参考咨询
  • 我的图书馆
  • 登录
  • 详细信息显示
  • 放入我的书架
  • 预约/预借图书
  • 作者相关作品
  • 分类相关作品
  • 丛书相关作品
  • 出版社相关作品

书目信息

  • 表格格式
  • 工作单格式
  • 卡片格式
题名:
当代中国的建筑材料工业
    
 
作者: 王燕谋 主编
分册:  
出版信息: 北京   中国社会科学出版社  1990.12
页数: 687页
开本: 20厘米
丛书名: 当代中国丛书
单 册:
中图分类: Z121.7
科图分类:
主题词: 建筑材料工业--概况--中国 , 丛书--中国
电子资源:
ISBN: 7-5004-0742-4
000 00793nam 2200253 45
001 0191010333
005 20061127154302.60
010    @a7-5004-0742-4@b精装@dCNY19.20
100    @a19910514d1990 ekmy0chiy0121 ea
101 0  @achi
102    @aCN@b110000
105    @ay z 000yy
200 10 @a当代中国的建筑材料工业@ADANG DAI ZHONG GUO DE JIAN ZHU CAI LIAO GONG YE@f王燕谋主编@FWANG YAN MOU ZHU BIAN
210    @a北京@c中国社会科学出版社@d1990.12
215    @a687页@d20厘米
225 2  @a当代中国丛书@f邓力群等主编
410  0 @120010@a当代中国丛书
540 1  @a建筑 材料@AJIAN ZHU CAI LIAO
606    @a建筑材料工业@x概况@y中国
606 0  @a丛书@x中国
690    @aZ121.7@v3
701  0 @a王燕谋@AWANG YAN MOU@4主编
801  0 @aCN@bTSSF@c20061127
905    @a10447@dZ121.7@e34:12
    
    当代中国的建筑材料工业/王燕谋主编.-北京:中国社会科学出版社,1990.12
    687页;20厘米.-(当代中国丛书/邓力群等主编)
    
    
    ISBN 7-5004-0742-4(精装):CNY19.20
    
●
相关链接 在E读中查询图书 在五车中查询图书 在当当中查询图书 在豆瓣中查询图书


正题名:当代中国的建筑材料工业     索取号:Z121.7/34:12         预约/预借

序号 登录号 条形码 馆藏地/架位号 状态 备注
1 0253656   001562936   第二样本阅览室/ [索取号:Z121.7/34:12] 在馆    
唐山师范学院图书馆 欢迎您!
大连网信软件有限公司© 版权所有